[Event "Berliner Sommer 08th"]
[Site "Berlin"]
[Date "1990.08.??"]
[Round "4"]
[White "Sanchez Almeyra, Jorge"]
[Black "Corvaja, Pietro"]
[Result "1-0"]
[WhiteElo "2380"]
[BlackElo "1900"]
[PlyCount "67"]
[EventDate "1990.08.11"]
[EventType "swiss"]
[EventRounds "9"]
[EventCountry "GER"]
[SourceTitle "EXT 2008"]
[Source "ChessBase"]
[SourceDate "2007.11.25"]
[SourceVersion "1"]
[SourceVersionDate "2007.11.25"]
[SourceQuality "1"]

1. e4 c5 2. Nf3 d6 3. d4 cxd4 4. Nxd4 Nf6 5. Nc3 a6 6. Bg5 e6 7. f4 Qb6 8. Nb3 Qe3+ 9. Qe2 Qxe2+ 10. Bxe2 Nc6 11. Bf3 Nd7 12. 0-0-0 Be7 13. Bxe7 Kxe7 14. Rd2 Nb6 15. Be2 Bd7 16. Rhd1 Nc8 17. Nc5 Ra7 18. a3 Rd8 19. Nxd7 Rxd7 20. b4 b5 21. Kb2 Nb6 22. Kb3 e5 23. Bg4 Nd4+ 24. Rxd4 exd4 25. Bxd7 dxc3 26. Bg4 Nc4 27. Rd3 Nd2+ 28. Kxc3 Nxe4+ 29. Kd4 Nf6 30. Bf3 Rc7 31. Rc3 Kd7 32. Rxc7+ Kxc7 33. Bd5 Nxd5 34. Kxd5 1-0